| 000 | 00381nam a2200157Ia 4500 | ||
|---|---|---|---|
| 008 | 230718s9999 xx 000 0 und d | ||
| 041 | _aeng | ||
| 082 |
_a823.3 _bBHA |
||
| 100 |
_aBhagat C. _9109656 |
||
| 245 | _aOne Night @ The Call Center | ||
| 260 |
_c2005 _bRupa |
||
| 300 | _a291 | ||
| 365 |
_cRs. _b95.00 |
||
| 700 |
_aBhagat C. _9109656 |
||
| 906 |
_d1153/31.1.06 _cOTH _b19 |
||
| 999 |
_c312641 _d312641 |
||